00000000nam 2200000zi 4500
0019.922220
003CaOODSP
00520230503135614
006m     o  d f      
007cr bn|||||||||
008230503s1972    oncab   ob   f000 0 eng d
040 |aCaOODSP|beng|erda|cCaOODSP
043 |an-cn-on|an-cn-qu
043 |ax6x7
0861 |aEn42-1/5-72-4E-PDF
1001 |aKilotat, E. J., |eauthor.
24513|aAn air pollution study of the National Capital Region / |cby E.J. Kilotat, P.E. Bradt and H.J. Wilson, National Air Pollution Surveillance.
264 1|a[Ottawa] : |bAir Pollution Control Directorate, Environmental Protection Service, Department of the Environment, |c1972.
300 |a1 online resource (ii, 36 pages) : |billustrations, map.
336 |atext|btxt|2rdacontent
337 |acomputer|bc|2rdamedia
338 |aonline resource|bcr|2rdacarrier
4901 |aEnvironmental Protection Service report series
500 |a"Report EPS 5-AP-72-4."
500 |a"November 1972."
500 |aOn cover: Surveillance report, EPS 5-AP-72-4.
500 |aDigitized edition from print [produced by Environment and Climate Change Canada].
504 |aIncludes bibliographical references (page 16).
650 0|aAir|xPollution|zNational Capital Region (Ont. and Québec)
650 6|aAir|xPollution|zCapitale nationale, Région de la (Ont. et Québec)
7101 |aCanada. |bEnvironmental Protection Service, |eissuing body.
7101 |aCanada. |bAir Pollution Control Directorate, |eissuing body.
830#0|aEnvironmental Protection Service report series.|w(CaOODSP)9.866031
85640|qPDF|s985 KB|uhttps://publications.gc.ca/collections/collection_2023/eccc/en42/En42-1-5-72-4-eng.pdf